Visualizzazione normale
Vista MARC
- Ochoa, Eugenio de,
di Personal Name
Records bibliografici associati: 2
001 - CONTROL NUMBER
- control field: 16398
003 - CONTROL NUMBER IDENTIFIER
- control field: IT-RoINE
005 - DATE AND TIME OF LATEST TRANSACTION
- control field: 20150202170630.0
008 - FIXED-LENGTH DATA ELEMENTS
- fixed length control field: 150202|| aca||aabn | a|a d
040 ## - CATALOGING SOURCE
- Original cataloging agency: IT-RoINE
- Transcribing agency: IT-RoINE
100 ## - HEADING--PERSONAL NAME
- Personal name: Ochoa, Eugenio de,
- Dates associated with a name: 1815-1872
670 ## - SOURCE DATA FOUND
- Source citation: Work cat.: (IT-RoINE)0: Epistolario español :, 1945-1965.